[Event "18th Charleroi Open-A 2019"]
[Site "Charleroi"]
[Date "2019.08.02"]
[Round "8.22"]
[White "Uhoda, Philippe"]
[Black "Roels, Frederik"]
[Result "1/2-1/2"]
[WhiteElo "2062"]
[BlackElo "1944"]
[Annotator "NA"]
[PlyCount "42"]
[EventDate "2019.07.22"]
[EventType "swiss"]
[EventCountry "BEL"]
[SourceTitle "playchess.com"]
[Source "ChessBase"]
[SourceQuality "1"]
[TimeControl "40/5400+30:1800+30"]

1. d4 {[%emt 1:30:30]} Nf6 {[%emt 0:01:02]} 2. Nf3 {[%emt 0:00:30]} g6 {[%emt 0:03:00]} 3. Nc3 {[%emt 0:00:30]} Bg7 {[%emt 1:27:28]} 4. e4 {[%emt 0:00:30]} d6 {[%emt 0:00:00]} 5. Be3 {[%emt 0:00:30]} O-O {[%emt 0:01:00]} 6. h3 {[%emt 0:00:30]} Nbd7 {[%emt 0:00:30]} 7. Qd2 {[%emt 0:00:30]} c5 {[%emt 0:00:30]} 8. dxc5 {[%emt 0:00:30]} Nxc5 {[%emt 0:00:30]} 9. Bxc5 {[%emt 0:00:30]} dxc5 {[%emt 0:00:00]} 10. Qxd8 {[%emt 0:00:30]} Rxd8 {[%emt 0:01:00]} 11. Bc4 {[%emt 0:00:00]} e6 {[%emt 0:00:30]} 12. O-O {[%emt 0:01:00]} Bd7 {[%emt 0:00:30]} 13. e5 {[%emt 0:00:30]} Ne8 {[%emt 0:00:30]} 14. Bd3 {[%emt 0:00:30]} Bc6 {[%emt 0:00:00]} 15. Be4 {[%emt 0:00:30]} Bxe4 {[%emt 0:00:00]} 16. Nxe4 {[%emt 0:00:00]} b6 {[%emt 0:00:00]} 17. Rfd1 {[%emt 0:01:00]} f6 {[%emt 0:02:00]} 18. exf6 {[%emt 0:00:00]} Nxf6 {[%emt 0:00:30]} 19. Nxf6+ {[%emt 0:00:00]} Bxf6 {[%emt 0:00:00]} 20. c3 {[%emt 0:00:00]} Kf7 {[%emt 0:01:00]} 21. Kf1 {[%emt 0:02:00]} Ke7 {[%emt 0:00:30]} 1/2-1/2

[Event "18th Charleroi Open-A 2019"]
[Site "Charleroi"]
[Date "2019.08.02"]
[Round "8.23"]
[White "De Weird, Matthias"]
[Black "Van Dijck, Bjarne"]
[Result "1/2-1/2"]
[WhiteElo "2009"]
[BlackElo "2053"]
[Annotator "NA"]
[PlyCount "57"]
[EventDate "2019.07.22"]
[EventType "swiss"]
[EventCountry "BEL"]
[SourceTitle "playchess.com"]
[Source "ChessBase"]
[SourceQuality "1"]
[TimeControl "40/5400+30:1800+30"]

1. d4 {[%emt 0:00:00]} Nf6 {[%emt 0:03:55]} 2. c4 {[%emt 0:00:54]} g6 {[%emt 0:00:13]} 3. Nc3 {[%emt 0:01:08]} d5 {[%emt 0:00:08]} 4. e3 {[%emt 0:00:32]} Bg7 {[%emt 0:00:16]} 5. Qb3 {[%emt 0:00:23]} c6 {[%emt 0:00:54]} 6. Nf3 {[%emt 0:00:19]} O-O {[%emt 0:00:32]} 7. Bd2 {[%emt 0:00:22]} a6 {[%emt 0:02:14]} 8. Rc1 {[%emt 0:01:49]} dxc4 {[%emt 0:02:54]} 9. Bxc4 {[%emt 0:00:19]} b5 {[%emt 0:00:46]} 10. Be2 {[%emt 0:01:08]} Bb7 {[%emt 0:01:43]} 11. O-O {[%emt 0:05:12]} Nbd7 {[%emt 0:05:38]} 12. a4 {[%emt 0:07:16]} Qb6 {[%emt 0:01:20]} 13. Rc2 {[%emt 0:22:17]} Rac8 {[%emt 0:11:31]} 14. Rfc1 {[%emt 0:06:50]} Rfe8 {[%emt 0:07:58]} 15. h3 {[%emt 0:05:50]} h6 {[%emt 0:01:50]} 16. Bd3 {[%emt 0:08:35]} e6 {[%emt 0:00:33]} 17. e4 {[%emt 0:06:07]} c5 {[%emt 0:04:14]} 18. axb5 {[%emt 0:01:10]} c4 {[%emt 0:05:40]} 19. Bxc4 {[%emt 0:00:34]} Nxe4 {[%emt 0:00:14]} 20. bxa6 {[%emt 0:01:48]} Nxd2 {[%emt 0:03:44]} 21. Nxd2 {[%emt 0:02:46]} Qxb3 {[%emt 0:02:05]} 22. Nxb3 {[%emt 0:07:57]} Rxc4 {[%emt 0:04:28]} 23. axb7 {[%emt 0:00:08]} Rb4 {[%emt 0:00:06]} 24. Nc5 {[%emt 0:01:35]} Rxd4 {[%emt 0:13:26]} 25. Nxd7 {[%emt 0:00:11]} Rxd7 {[%emt 0:00:05]} 26. Ne4 {[%emt 0:00:55]} Be5 {[%emt 0:02:15]} 27. Rc8 {[%emt 0:02:17]} Kf8 {[%emt 0:00:50]} 28. Rxe8+ {[%emt 0:00:09]} Kxe8 {[%emt 0:00:03]} 29. Nf6+ {[%emt 0:00:16]} 1/2-1/2

[Event "18th Charleroi Open-A 2019"]
[Site "Charleroi"]
[Date "2019.08.02"]
[Round "8.24"]
[White "Butzen, Robin"]
[Black "Fischer, Julie"]
[Result "0-1"]
[WhiteElo "1967"]
[BlackElo "2050"]
[Annotator "NA"]
[PlyCount "114"]
[EventDate "2019.07.22"]
[EventType "swiss"]
[EventCountry "BEL"]
[SourceTitle "playchess.com"]
[Source "ChessBase"]
[SourceQuality "1"]
[TimeControl "40/5400+30:1800+30"]

1. e4 {[%emt 0:01:58]} e5 {[%emt 0:00:00]} 2. Bc4 {[%emt 0:00:08]} Nf6 {[%emt 0:00:00]} 3. d4 {[%emt 0:00:08]} exd4 {[%emt 0:00:00]} 4. Nf3 {[%emt 0:00:15]} Nc6 {[%emt 0:00:00]} 5. O-O {[%emt 0:00:18]} Nxe4 {[%emt 0:00:00]} 6. Re1 {[%emt 0:00:07]} d5 {[%emt 0:00:00]} 7. Nxd4 {[%emt 0:00:29]} Be7 {[%emt 0:17:55]} 8. Bb5 {[%emt 0:03:09]} Bd7 {[%emt 0:02:44]} 9. f3 {[%emt 0:01:59]} Nxd4 {[%emt 0:08:45]} 10. Qxd4 {[%emt 0:05:04]} Bxb5 {[%emt 0:08:39]} 11. fxe4 {[%emt 0:00:30]} O-O {[%emt 0:10:23]} 12. Nc3 {[%emt 0:00:52]} Ba6 {[%emt 0:01:57]} 13. Nxd5 {[%emt 0:00:34]} c6 {[%emt 0:00:29]} 14. Nxe7+ {[%emt 0:01:18]} Qxe7 {[%emt 0:00:02]} 15. b3 {[%emt 0:00:43]} Rfd8 {[%emt 0:01:05]} 16. Qe3 {[%emt 0:00:43]} b6 {[%emt 0:11:49]} 17. Bb2 {[%emt 0:00:22]} c5 {[%emt 0:01:33]} 18. Qg3 {[%emt 0:01:08]} Qf8 {[%emt 0:01:00]} 19. Rad1 {[%emt 0:00:51]} Bb7 {[%emt 0:03:54]} 20. Rxd8 {[%emt 0:01:18]} Rxd8 {[%emt 0:00:01]} 21. Qc7 {[%emt 0:00:46]} Ba8 {[%emt 0:06:42]} 22. Bc3 {[%emt 0:07:52]} Qd6 {[%emt 0:04:38]} 23. Qxa7 {[%emt 0:01:21]} Qg6 {[%emt 0:00:24]} 24. Qe7 {[%emt 0:00:38]} Rf8 {[%emt 0:01:17]} 25. g3 {[%emt 0:07:09]} Qc6 {[%emt 0:02:04]} 26. Rd1 {[%emt 0:07:16]} Qxe4 {[%emt 0:01:01]} 27. Qxe4 {[%emt 0:00:16]} Bxe4 {[%emt 0:00:02]} 28. Rd6 {[%emt 0:00:29]} b5 {[%emt 0:01:39]} 29. Rb6 {[%emt 0:00:09]} b4 {[%emt 0:00:12]} 30. Be5 {[%emt 0:00:04]} Bxc2 {[%emt 0:02:37]} 31. Bd6 {[%emt 0:00:32]} Rc8 {[%emt 0:00:45]} 32. Bxc5 {[%emt 0:00:10]} Bb1 {[%emt 0:00:39]} 33. Ra6 {[%emt 0:00:30]} h6 {[%emt 0:00:57]} 34. Bxb4 {[%emt 0:00:34]} Rc1+ {[%emt 0:00:06]} 35. Kf2 {[%emt 0:00:06]} Rc2+ {[%emt 0:00:06]} 36. Ke3 {[%emt 0:00:05]} Rxa2 {[%emt 0:00:25]} 37. Rb6 {[%emt 0:00:13]} Rxh2 {[%emt 0:02:21]} 38. Bd6 {[%emt 0:00:37]} f5 {[%emt 0:10:32]} 39. Be5 {[%emt 0:00:27]} Be4 {[%emt 0:00:31]} 40. Rg6 {[%emt 0:00:43]} Kf7 {[%emt 0:00:50]} 41. Rxg7+ {[%emt 0:30:11]} Ke6 {[%emt 0:30:02]} 42. Bf4 {[%emt 0:03:20]} Rb2 {[%emt 0:01:59]} 43. Kd4 {[%emt 0:00:53]} Rxb3 {[%emt 0:00:23]} 44. Rg6+ {[%emt 0:05:17]} Kf7 {[%emt 0:00:14]} 45. Rxh6 {[%emt 0:00:06]} Rd3+ {[%emt 0:00:03]} 46. Kc4 {[%emt 0:00:34]} Rd7 {[%emt 0:00:36]} 47. Be5 {[%emt 0:01:37]} Rd1 {[%emt 0:00:58]} 48. Rh7+ {[%emt 0:01:06]} Ke6 {[%emt 0:00:29]} 49. Bf4 {[%emt 0:00:12]} Bd5+ {[%emt 0:01:05]} 50. Kc5 {[%emt 0:00:13]} Be4 {[%emt 0:00:11]} 51. Bg5 {[%emt 0:00:51]} Rd5+ {[%emt 0:00:00]} 52. Kc4 {[%emt 0:00:00]} Kd6 {[%emt 0:00:00]} 53. Rh6+ {[%emt 0:00:00]} Kd7 {[%emt 0:00:00]} 54. Rh7+ {[%emt 0:00:00]} Kc6 {[%emt 0:00:00]} 55. Re7 {[%emt 0:00:00]} Rc5+ {[%emt 0:00:00]} 56. Kd4 {[%emt 0:00:00]} Rd5+ {[%emt 0:00:00]} 57. Kc4 {[%emt 0:00:00]} Rc5+ {[%emt 0:00:00]} 0-1

[Event "18th Charleroi Open-A 2019"]
[Site "Charleroi"]
[Date "2019.08.02"]
[Round "8.26"]
[White "De Block, Fabio"]
[Black "Guion, Geoffrey"]
[Result "1-0"]
[WhiteElo "2039"]
[BlackElo "2006"]
[Annotator "NA"]
[PlyCount "98"]
[EventDate "2019.07.22"]
[EventType "swiss"]
[EventCountry "BEL"]
[SourceTitle "playchess.com"]
[Source "ChessBase"]
[SourceQuality "1"]
[TimeControl "40/5400+30:1800+30"]

1. Nf3 {[%emt 0:00:00]} Nf6 {[%emt 0:00:00]} 2. d4 {[%emt 0:00:00]} d6 {[%emt 0:00:21]} 3. c4 {[%emt 0:00:00]} g6 {[%emt 0:00:11]} 4. Nc3 {[%emt 0:00:00]} Bg7 {[%emt 0:00:05]} 5. e4 {[%emt 0:00:00]} O-O {[%emt 0:00:13]} 6. Be2 {[%emt 0:00:04]} e5 {[%emt 0:00:24]} 7. O-O {[%emt 0:00:15]} Nc6 {[%emt 0:00:18]} 8. d5 {[%emt 0:00:05]} Ne7 {[%emt 0:00:04]} 9. b4 {[%emt 0:00:04]} Nh5 {[%emt 0:02:54]} 10. g3 {[%emt 0:00:09]} f5 {[%emt 0:00:43]} 11. Ng5 {[%emt 0:00:15]} Nf6 {[%emt 0:00:38]} 12. f3 {[%emt 0:00:07]} c6 {[%emt 0:01:36]} 13. Qb3 {[%emt 0:02:41]} h6 {[%emt 0:06:07]} 14. Ne6 {[%emt 0:01:25]} Bxe6 {[%emt 0:05:27]} 15. dxe6 {[%emt 0:00:29]} d5 {[%emt 0:10:44]} 16. cxd5 {[%emt 0:04:56]} cxd5 {[%emt 0:00:21]} 17. exd5 {[%emt 0:03:43]} Nfxd5 {[%emt 0:00:33]} 18. Nxd5 {[%emt 0:00:41]} Qxd5 {[%emt 0:00:19]} 19. Bc4 {[%emt 0:00:17]} Qc6 {[%emt 0:02:05]} 20. b5 {[%emt 0:00:44]} Qc7 {[%emt 0:06:26]} 21. Be3 {[%emt 0:09:00]} f4 {[%emt 0:05:17]} 22. b6 {[%emt 0:03:06]} Qc6 {[%emt 0:04:37]} 23. Bb5 {[%emt 0:02:28]} Qd5 {[%emt 0:02:56]} 24. Qxd5 {[%emt 0:01:13]} Nxd5 {[%emt 0:00:05]} 25. Bc5 {[%emt 0:00:10]} Rfc8 {[%emt 0:07:51]} 26. e7 {[%emt 0:01:15]} Nf6 {[%emt 0:02:42]} 27. Rac1 {[%emt 0:02:26]} a6 {[%emt 0:05:03]} 28. Ba4 {[%emt 0:01:58]} Kf7 {[%emt 0:03:41]} 29. gxf4 {[%emt 0:05:51]} exf4 {[%emt 0:00:13]} 30. Rfe1 {[%emt 0:00:15]} Ne8 {[%emt 0:00:45]} 31. Bb3+ {[%emt 0:00:35]} Kf6 {[%emt 0:00:53]} 32. h4 {[%emt 0:04:01]} g5 {[%emt 0:01:53]} 33. h5 {[%emt 0:02:19]} g4 {[%emt 0:00:12]} 34. fxg4 {[%emt 0:01:32]} Kg5 {[%emt 0:00:26]} 35. Be6 {[%emt 0:00:32]} Rc6 {[%emt 0:01:54]} 36. Bd5 {[%emt 0:00:17]} Rxc5 {[%emt 0:00:12]} 37. Rcd1 {[%emt 0:03:07]} Bf6 {[%emt 0:03:36]} 38. Bf7 {[%emt 0:03:10]} Kxg4 {[%emt 0:01:46]} 39. Re6 {[%emt 0:02:27]} Kg3 {[%emt 0:04:17]} 40. Bxe8 {[%emt 0:05:04]} Rxe8 {[%emt 0:00:30]} 41. Rxf6 {[%emt 0:30:07]} Rxe7 {[%emt 0:31:13]} 42. Rxh6 {[%emt 0:00:06]} Ree5 {[%emt 0:03:55]} 43. Rh7 {[%emt 0:01:49]} Rxh5 {[%emt 0:01:59]} 44. Rxb7 {[%emt 0:00:15]} Rcg5 {[%emt 0:00:25]} 45. Rd3+ {[%emt 0:01:32]} f3 {[%emt 0:00:36]} 46. Rf7 {[%emt 0:00:23]} Kh3+ {[%emt 0:07:06]} 47. Kf1 {[%emt 0:01:22]} Kg4 {[%emt 0:02:30]} 48. Rdxf3 {[%emt 0:02:33]} Rb5 {[%emt 0:00:45]} 49. b7 {[%emt 0:12:02]} Rxb7 {[%emt 0:01:24]} 1-0

[Event "18th Charleroi Open-A 2019"]
[Site "Charleroi"]
[Date "2019.08.02"]
[Round "8.27"]
[White "Godry, Clement"]
[Black "Miulescu, Gabriel"]
[Result "1/2-1/2"]
[WhiteElo "1962"]
[BlackElo "2020"]
[Annotator "NA"]
[PlyCount "69"]
[EventDate "2019.07.22"]
[EventType "swiss"]
[EventCountry "BEL"]
[SourceTitle "playchess.com"]
[Source "ChessBase"]
[SourceQuality "1"]
[TimeControl "40/5400+30:1800+30"]

1. d4 {[%emt 0:00:00]} Nf6 {[%emt 0:00:00]} 2. c4 {[%emt 0:00:00]} g6 {[%emt 0:00:00]} 3. Nc3 {[%emt 0:00:00]} Bg7 {[%emt 0:00:00]} 4. e4 {[%emt 0:00:00]} d6 {[%emt 0:00:00]} 5. Nf3 {[%emt 0:00:01]} O-O {[%emt 0:00:00]} 6. Be2 {[%emt 0:00:13]} e5 {[%emt 0:00:02]} 7. O-O {[%emt 0:00:24]} Na6 {[%emt 0:00:04]} 8. Be3 {[%emt 0:00:34]} Ng4 {[%emt 0:00:21]} 9. Bg5 {[%emt 0:00:40]} Qe8 {[%emt 0:00:10]} 10. h3 {[%emt 0:00:41]} h6 {[%emt 0:01:09]} 11. Bc1 {[%emt 0:00:17]} Nf6 {[%emt 0:01:41]} 12. dxe5 {[%emt 0:01:05]} dxe5 {[%emt 0:00:27]} 13. Be3 {[%emt 0:00:07]} Qe7 {[%emt 0:03:37]} 14. Nd5 {[%emt 0:03:01]} Qd6 {[%emt 0:04:34]} 15. Qc2 {[%emt 0:08:22]} c6 {[%emt 0:02:55]} 16. c5 {[%emt 0:05:25]} Qd8 {[%emt 0:03:03]} 17. Nxf6+ {[%emt 0:00:35]} Qxf6 {[%emt 0:00:42]} 18. Bxa6 {[%emt 0:05:06]} bxa6 {[%emt 0:00:18]} 19. Rfd1 {[%emt 0:00:05]} Be6 {[%emt 0:01:53]} 20. Rd6 {[%emt 0:00:46]} Rfc8 {[%emt 0:00:28]} 21. Qa4 {[%emt 0:03:43]} Rab8 {[%emt 0:02:16]} 22. Rxc6 {[%emt 0:02:25]} Rxc6 {[%emt 0:02:59]} 23. Qxc6 {[%emt 0:00:14]} Rxb2 {[%emt 0:01:06]} 24. Rc1 {[%emt 0:11:35]} Qe7 {[%emt 0:16:31]} 25. Ne1 {[%emt 0:27:55]} Bxa2 {[%emt 0:08:05]} 26. Qxa6 {[%emt 0:04:38]} Be6 {[%emt 0:02:31]} 27. c6 {[%emt 0:01:21]} Qc7 {[%emt 0:02:28]} 28. Qxa7 {[%emt 0:00:28]} Qxa7 {[%emt 0:00:33]} 29. Bxa7 {[%emt 0:00:03]} Ra2 {[%emt 0:02:29]} 30. Bb8 {[%emt 0:01:30]} Rd2 {[%emt 0:03:53]} 31. Nf3 {[%emt 0:01:37]} Rd8 {[%emt 0:01:20]} 32. Bxe5 {[%emt 0:01:25]} Rc8 {[%emt 0:01:00]} 33. Bxg7 {[%emt 0:01:03]} Kxg7 {[%emt 0:00:08]} 34. Nd4 {[%emt 0:01:16]} Kf6 {[%emt 0:02:31]} 35. f4 {[%emt 0:01:07]} 1/2-1/2

[Event "18th Charleroi Open-A 2019"]
[Site "Charleroi"]
[Date "2019.08.02"]
[Round "8.28"]
[White "Ramacker, Quinten"]
[Black "Godde, Matthias"]
[Result "1-0"]
[WhiteElo "2006"]
[BlackElo "1989"]
[Annotator "NA"]
[PlyCount "46"]
[EventDate "2019.07.22"]
[EventType "swiss"]
[EventCountry "BEL"]
[SourceTitle "playchess.com"]
[Source "ChessBase"]
[SourceQuality "1"]
[TimeControl "40/5400+30:1800+30"]

1. d4 {[%emt 0:00:00]} Nf6 {[%emt 0:00:00]} 2. c4 {[%emt 0:00:00]} g6 {[%emt 0:00:00]} 3. Nc3 {[%emt 0:00:00]} d5 {[%emt 0:00:04]} 4. cxd5 {[%emt 0:00:04]} Nxd5 {[%emt 0:00:05]} 5. e4 {[%emt 0:00:10]} Nxc3 {[%emt 0:00:05]} 6. bxc3 {[%emt 0:00:06]} Bg7 {[%emt 0:00:13]} 7. Qa4+ {[%emt 0:00:08]} Nd7 {[%emt 0:01:34]} 8. Nf3 {[%emt 0:00:54]} O-O {[%emt 0:01:21]} 9. Be2 {[%emt 0:00:34]} c5 {[%emt 0:02:34]} 10. O-O {[%emt 0:02:04]} Qc7 {[%emt 0:13:18]} 11. Bg5 {[%emt 0:06:10]} Nf6 {[%emt 0:06:48]} 12. Bd3 {[%emt 0:10:51]} b6 {[%emt 0:04:00]} 13. Rad1 {[%emt 0:01:46]} Bb7 {[%emt 0:01:58]} 14. d5 {[%emt 0:00:19]} h6 {[%emt 0:14:20]} 15. Bxf6 {[%emt 0:09:55]} Bxf6 {[%emt 0:00:21]} 16. c4 {[%emt 0:00:08]} Bc8 {[%emt 0:05:12]} 17. h3 {[%emt 0:01:24]} Qf4 {[%emt 0:02:12]} 18. Nh2 {[%emt 0:06:28]} h5 {[%emt 0:05:40]} 19. g3 {[%emt 0:00:32]} Qc7 {[%emt 0:01:42]} 20. Kg2 {[%emt 0:00:26]} Bd7 {[%emt 0:02:53]} 21. Qa6 {[%emt 0:00:52]} Kg7 {[%emt 0:01:43]} 22. f4 {[%emt 0:00:38]} e5 {[%emt 0:04:12]} 23. f5 {[%emt 0:07:19]} g5 {[%emt 0:06:56]} 1-0

[Event "18th Charleroi Open-A 2019"]
[Site "Charleroi"]
[Date "2019.08.02"]
[Round "8.30"]
[White "Oupindrin, Narayanin"]
[Black "Lui, Eric"]
[Result "1-0"]
[WhiteElo "2056"]
[BlackElo "1884"]
[Annotator "NA"]
[PlyCount "56"]
[EventDate "2019.07.22"]
[EventType "swiss"]
[EventCountry "BEL"]
[SourceTitle "playchess.com"]
[Source "ChessBase"]
[SourceQuality "1"]
[TimeControl "40/5400+30:1800+30"]

1. c4 {[%emt 0:00:00]} e5 {[%emt 0:00:00]} 2. g3 {[%emt 0:00:00]} Nf6 {[%emt 0:00:12]} 3. Bg2 {[%emt 0:00:00]} Nc6 {[%emt 0:00:09]} 4. Nc3 {[%emt 0:00:00]} Bc5 {[%emt 0:01:02]} 5. a3 {[%emt 0:00:27]} a5 {[%emt 0:01:11]} 6. e3 {[%emt 0:00:07]} O-O {[%emt 0:00:51]} 7. Nge2 {[%emt 0:00:16]} Re8 {[%emt 0:01:33]} 8. O-O {[%emt 0:00:34]} Ba7 {[%emt 0:01:37]} 9. h3 {[%emt 0:07:23]} d6 {[%emt 0:02:43]} 10. f4 {[%emt 0:02:38]} Qe7 {[%emt 0:09:33]} 11. b3 {[%emt 0:08:47]} Bd7 {[%emt 0:03:29]} 12. Nd5 {[%emt 0:08:44]} Nxd5 {[%emt 0:04:35]} 13. cxd5 {[%emt 0:01:56]} Nb8 {[%emt 0:01:04]} 14. Bb2 {[%emt 0:01:04]} Na6 {[%emt 0:08:26]} 15. Nc3 {[%emt 0:04:10]} f5 {[%emt 0:11:21]} 16. Qc2 {[%emt 0:12:27]} e4 {[%emt 0:06:04]} 17. g4 {[%emt 0:03:37]} Nc5 {[%emt 0:01:41]} 18. g5 {[%emt 0:07:41]} Nd3 {[%emt 0:02:42]} 19. Kh2 {[%emt 0:02:37]} g6 {[%emt 0:02:53]} 20. Rh1 {[%emt 0:07:22]} Qf7 {[%emt 0:03:00]} 21. Bf1 {[%emt 0:01:24]} Nxb2 {[%emt 0:02:21]} 22. Qxb2 {[%emt 0:00:04]} Qg7 {[%emt 0:04:22]} 23. Rb1 {[%emt 0:03:32]} Rab8 {[%emt 0:06:53]} 24. Nb5 {[%emt 0:02:00]} Qxb2 {[%emt 0:04:51]} 25. Rxb2 {[%emt 0:00:02]} Bxb5 {[%emt 0:01:51]} 26. Bxb5 {[%emt 0:00:04]} Red8 {[%emt 0:01:23]} 27. h4 {[%emt 0:01:00]} Ra8 {[%emt 0:01:50]} 28. Kg3 {[%emt 0:00:40]} Bc5 {[%emt 0:00:40]} 1-0

[Event "18th Charleroi Open-A 2019"]
[Site "Charleroi"]
[Date "2019.08.02"]
[Round "8.31"]
[White "Barbier, Astrid"]
[Black "Zamparo, Sergio"]
[Result "0-1"]
[WhiteElo "1941"]
[BlackElo "2031"]
[Annotator "NA"]
[PlyCount "44"]
[EventDate "2019.07.22"]
[EventType "swiss"]
[EventCountry "BEL"]
[SourceTitle "playchess.com"]
[Source "ChessBase"]
[SourceQuality "1"]
[TimeControl "40/5400+30:1800+30"]

1. e4 {[%emt 0:00:00]} c5 {[%emt 0:00:00]} 2. Nf3 {[%emt 0:00:00]} d6 {[%emt 0:00:07]} 3. d4 {[%emt 0:00:01]} cxd4 {[%emt 0:00:41]} 4. Nxd4 {[%emt 0:00:14]} Nf6 {[%emt 0:00:47]} 5. Nc3 {[%emt 0:00:24]} a6 {[%emt 0:01:15]} 6. f3 {[%emt 0:00:58]} e5 {[%emt 0:00:55]} 7. Nb3 {[%emt 0:00:21]} Be7 {[%emt 0:00:31]} 8. Be3 {[%emt 0:00:43]} Be6 {[%emt 0:00:39]} 9. Qd2 {[%emt 0:00:57]} O-O {[%emt 0:00:24]} 10. a4 {[%emt 0:01:17]} d5 {[%emt 0:01:48]} 11. exd5 {[%emt 0:04:41]} Nxd5 {[%emt 0:01:10]} 12. Nxd5 {[%emt 0:03:24]} Qxd5 {[%emt 0:02:14]} 13. Qxd5 {[%emt 0:03:31]} Bxd5 {[%emt 0:00:47]} 14. c4 {[%emt 0:01:09]} Bb4+ {[%emt 0:04:23]} 15. Kf2 {[%emt 0:00:48]} Bc6 {[%emt 0:05:06]} 16. Be2 {[%emt 0:03:36]} Nd7 {[%emt 0:03:44]} 17. Rhd1 {[%emt 0:01:55]} Rfd8 {[%emt 0:13:11]} 18. Bd3 {[%emt 0:05:51]} Nf6 {[%emt 0:14:06]} 19. Bb6 {[%emt 0:02:31]} Re8 {[%emt 0:08:10]} 20. Bc5 {[%emt 0:09:54]} Rad8 {[%emt 0:10:08]} 21. Bxb4 {[%emt 0:01:04]} Ra8 22. Bc5 Rad8 0-1

[Event "18th Charleroi Open-A 2019"]
[Site "Charleroi"]
[Date "2019.08.03"]
[Round "9.1"]
[White "Gutenev, Alexander"]
[Black "Gurevich, Mikhail"]
[Result "0-1"]
[WhiteElo "2470"]
[BlackElo "2587"]
[Annotator "ChessBase"]
[PlyCount "110"]
[EventDate "2019.07.22"]
[EventType "swiss"]
[EventCountry "BEL"]
[SourceTitle "playchess.com"]
[Source "ChessBase"]
[SourceQuality "1"]
[TimeControl "40/5400+30:1800+30"]

1. e4 {[%emt 0:00:00]} d6 {[%emt 0:00:00]} 2. d4 {[%emt 0:00:01]} Nf6 {[%emt 0:00:00]} 3. Nc3 {[%emt 0:00:08]} g6 {[%emt 0:00:00]} 4. Nf3 {[%emt 0:00:21]} Bg7 {[%emt 0:00:03]} 5. Be2 {[%emt 0:00:51]} O-O {[%emt 0:00:09]} 6. O-O {[%emt 0:00:04]} Nc6 {[%emt 0:00:37]} 7. d5 {[%emt 0:02:09]} Nb8 {[%emt 0:01:16]} 8. h3 {[%emt 0:00:08]} c6 {[%emt 0:00:46]} 9. Nd4 {[%emt 0:01:40]} Qb6 {[%emt 0:07:05]} 10. Nb3 {[%emt 0:03:59]} a5 {[%emt 0:06:21]} 11. Be3 {[%emt 0:02:24]} Qc7 {[%emt 0:00:04]} 12. a4 {[%emt 0:01:55]} Na6 {[%emt 0:04:36]} 13. Qd2 {[%emt 0:07:16]} Bd7 {[%emt 0:03:15]} 14. Rac1 {[%emt 0:09:12]} Nb4 {[%emt 0:01:13]} 15. Bf3 {[%emt 0:04:24]} Rfc8 {[%emt 0:02:23]} 16. Rfd1 {[%emt 0:02:19]} Qd8 {[%emt 0:00:26]} 17. Nd4 {[%emt 0:07:43]} Qe8 {[%emt 0:10:54]} 18. g4 {[%emt 0:07:37]} Qd8 {[%emt 0:11:22]} 19. Bg2 {[%emt 0:19:25]} Be8 {[%emt 0:02:49]} 20. b3 {[%emt 0:06:52]} Qc7 {[%emt 0:08:24]} 21. g5 {[%emt 0:03:52]} Nd7 {[%emt 0:01:08]} 22. Nce2 {[%emt 0:00:24]} Nc5 {[%emt 0:05:26]} 23. c3 {[%emt 0:00:40]} Nba6 {[%emt 0:00:11]} 24. Rb1 {[%emt 0:04:23]} Rd8 {[%emt 0:03:28]} 25. Qc2 {[%emt 0:01:02]} e5 {[%emt 0:00:59]} 26. dxe6 {[%emt 0:00:13]} Nxe6 {[%emt 0:00:05]} 27. f4 {[%emt 0:01:54]} Bd7 {[%emt 0:02:39]} 28. Nf3 {[%emt 0:01:41]} d5 {[%emt 0:01:48]} 29. f5 {[%emt 0:02:11]} dxe4 {[%emt 0:02:32]} 30. Nh4 {[%emt 0:04:03]} Nec5 {[%emt 0:00:45]} 31. b4 {[%emt 0:01:30]} axb4 {[%emt 0:04:21]} 32. cxb4 {[%emt 0:00:02]} Nd3 {[%emt 0:00:05]} 33. b5 {[%emt 0:02:47]} Nab4 {[%emt 0:00:25]} 34. Qc4 {[%emt 0:00:36]} gxf5 {[%emt 0:00:12]} 35. b6 {[%emt 0:01:31]} Qe5 {[%emt 0:02:36]} 36. Bd4 {[%emt 0:00:39]} Qe6 {[%emt 0:03:57]} 37. Rxb4 {[%emt 0:00:44]} Bxd4+ {[%emt 0:06:56]} 38. Nxd4 {[%emt 0:00:51]} Qxc4 {[%emt 0:00:05]} 39. Rxc4 {[%emt 0:00:02]} Nb2 {[%emt 0:00:05]} 40. Rdc1 {[%emt 0:01:55]} Nxc4 {[%emt 0:00:08]} 41. Rxc4 {[%emt 0:30:06]} Be6 {[%emt 0:30:05]} 42. Nxe6 {[%emt 0:00:00]} fxe6 {[%emt 0:00:00]} 43. Bf1 {[%emt 0:00:00]} Rd2 {[%emt 0:00:00]} 44. Ng2 {[%emt 0:00:00]} Kf7 {[%emt 0:00:00]} 45. h4 {[%emt 0:00:00]} Ra2 {[%emt 0:00:00]} 46. Rd4 {[%emt 0:00:00]} Ke7 {[%emt 0:00:00]} 47. Ne3 {[%emt 0:00:00]} R8xa4 {[%emt 0:00:00]} 48. Rd1 {[%emt 0:00:00]} Ra1 {[%emt 0:00:00]} 49. Rxa1 {[%emt 0:00:00]} Rxa1 {[%emt 0:00:00]} 50. Kg2 {[%emt 0:00:00]} f4 {[%emt 0:00:00]} 51. Ng4 {[%emt 0:00:00]} Rb1 {[%emt 0:00:00]} 52. h5 {[%emt 0:00:00]} Rxb6 {[%emt 0:00:00]} 53. h6 {[%emt 0:00:00]} Rb2+ {[%emt 0:00:00]} 54. Kg1 {[%emt 0:00:00]} Ra2 {[%emt 0:00:00]} 55. Bc4 {[%emt 0:01:07]} Ra5 {[%emt 0:00:00]} 0-1

[Event "18th Charleroi Open-A 2019"]
[Site "Charleroi"]
[Date "2019.08.03"]
[Round "9.2"]
[White "Miezis, Normunds"]
[Black "Lugovskoy, Maxim"]
[Result "*"]
[WhiteElo "2495"]
[BlackElo "2425"]
[Annotator "ChessBase"]
[PlyCount "30"]
[EventDate "2019.07.22"]
[EventType "swiss"]
[EventCountry "BEL"]
[SourceTitle "playchess.com"]
[Source "ChessBase"]
[SourceQuality "1"]
[TimeControl "40/5400+30:1800+30"]

1. c4 {[%emt 0:00:00]} e6 {[%emt 0:00:00]} 2. e4 {[%emt 0:00:10]} d5 {[%emt 0:00:00]} 3. exd5 {[%emt 0:00:11]} exd5 {[%emt 0:00:04]} 4. d4 {[%emt 0:00:10]} Nf6 {[%emt 0:00:33]} 5. Nc3 {[%emt 0:00:30]} Bb4 {[%emt 0:00:09]} 6. Bd3 {[%emt 0:00:49]} O-O {[%emt 0:00:14]} 7. Nge2 {[%emt 0:00:43]} c5 {[%emt 0:00:03]} 8. O-O {[%emt 0:06:32]} dxc4 {[%emt 0:00:03]} 9. Bxc4 {[%emt 0:00:20]} cxd4 {[%emt 0:00:03]} 10. Nxd4 {[%emt 0:00:48]} Bg4 {[%emt 0:00:03]} 11. Nce2 {[%emt 0:07:14]} Bc5 {[%emt 0:00:04]} 12. Bf4 {[%emt 0:07:02]} Bxe2 {[%emt 0:01:28]} 13. Nxe2 {[%emt 0:05:07]} Qxd1 {[%emt 0:00:03]} 14. Rc1 {[%emt 1:07:24]} Qxf1+ 15. Rxf1 {[%emt 0:00:00]} Nc6 {[%emt 0:00:33]} *